[Event "San Salvador zt"]
[Site "San Salvador"]
[Date "1995.??.??"]
[Round "?"]
[White "Garcia, Gildardo"]
[Black "Hernandez, Gilberto"]
[Result "1/2-1/2"]
[WhiteElo "2540"]
[BlackElo "2525"]

1.e4 c5 2.Nf3 d6 3.d4 cxd4 4.Nxd4 Nf6 5.Nc3 Nc6 6.Bg5 e6 7.Qd2 a6 8.O-O-O h6
9.Be3 Be7 10.f4 Nxd4 11.Bxd4 b5 12.Qe3 b4 13.Na4 O-O 14.Bxf6 Bxf6 15.e5 Be7
16.Nb6 Rb8 17.exd6 Bf6 18.Nc4 Bb7 19.Kb1 Bd5 20.Rg1 Rc8 21.Nb6 Rc6 22.Nxd5 exd5
23.g4 g6 24.h4 Re8 25.Qd2 Rxd6 26.g5 hxg5 27.hxg5 Bg7 28.Rg3 Qb6 29.Rd3 Qc5
30.Bg2 d4 31.Rf3 Rde6 32.Bf1 Re3 33.Rf2 d3 34.cxd3 Qd4 35.Rc1 a5 36.Qc2 Re1
37.Re2 R1xe2 38.Bxe2 Qxf4 39.d4 Qxg5 40.Bc4 Re7 41.Qf2 Qf6 42.Qxf6 Bxf6 43.d5 Re4
44.d6 Rd4 45.Bb3 a4 46.Bxa4 Rxd6 47.Rc7 Be5 48.Rb7 Rd4 49.Kc2 Kg7 50.Kb3 Bd6
51.Bc6 g5 52.a3 bxa3 53.bxa3 g4 54.a4 g3 55.a5 Rd2 56.Rd7  1/2-1/2

[Event "Schwaebisch Gmuend op"]
[Site "Schwaebisch Gmuend"]
[Date "1995.??.??"]
[Round "?"]
[White "Mainka, Romuald"]
[Black "Arbakov, Valentin"]
[Result "1/2-1/2"]
[WhiteElo "2515"]
[BlackElo "2500"]

1.e4 c5 2.Nf3 d6 3.d4 cxd4 4.Nxd4 Nf6 5.Nc3 Nc6 6.Bg5 e6 7.Qd2 a6 8.O-O-O Bd7
9.f4 b5 10.Bxf6 gxf6 11.Nxc6 Bxc6 12.Qe1 Be7 13.Bd3 Qb6 14.Kb1 Qb7 15.f5 O-O-O
16.Qe2 Kb8 17.a3 d5 18.fxe6 fxe6 19.exd5 exd5 20.Qf2 d4 21.Ne2 Bxg2 22.Rhg1 Bd5
23.Rg7 Rd7 24.Nf4 Bc4 25.Bf5 Rc7 26.b3 Bd6 27.Rxc7 Qxc7 28.bxc4 Bxf4 29.Rxd4 Be5
30.Rd1 Rd8 31.Rxd8+ Qxd8 32.Ka2 Qc7 33.c5 Qf7+ 34.Kb1 Qd5 35.Bd3 Qh1+ 36.Bf1 Qxh2
37.Qxh2 Bxh2 38.c4 bxc4 39.Bxc4 a5 40.Kc2 Kc7 41.Bd3 h5  1/2-1/2

[Event "SCO-ch"]
[Site "?"]
[Date "1995.??.??"]
[Round "3"]
[White "Rowson, Jonathan"]
[Black "Pritchett, Craig William"]
[Result "0-1"]
[WhiteElo "2345"]
[BlackElo "2345"]

1.e4 c5 2.Nf3 d6 3.d4 cxd4 4.Nxd4 Nf6 5.Nc3 Nc6 6.Bg5 e6 7.Qd2 a6 8.O-O-O h6
9.Be3 Nxd4 10.Bxd4 b5 11.f4 Be7 12.Bd3 b4 13.Na4 Rb8 14.e5 dxe5 15.Bxe5 Bd7
16.f5 Nd5 17.fxe6 Bxe6 18.Qe2 Qa5 19.Bc4 Bg5+ 20.Kb1 Ne3 21.Bxe6 Qxe5 22.Bd7+ Kf8
23.Rhe1 Qxh2 24.Nc5 g6 25.Rd3 Qe5 26.Nxa6 Rb6 27.Rb3 Kg7 28.Nxb4 Qd6 29.Bb5 Nxg2
30.Rd1 Qc5 31.a4 Nf4 32.Qf1 h5 33.Rd7 Rd6 34.Nd3 Qd4 35.Rb4 Rxd7 36.Rxd4 Rxd4
37.c3 Rd5 38.Nxf4 Rf5 39.Nxh5+ Rxh5 40.Qe2 Bf6 41.Qe8 Rf2 42.Bc6 Rhh2 43.Qb8 Bxc3
44.Qxh2 Rxh2 45.bxc3 Kf8 46.Bd5 f5 47.a5 Rh7 48.a6 Ra7 49.Bc4 Ke7 50.Kc2 Kd6
51.Kd2 Kc5 52.Bf1 Re7 53.Kd3 g5 54.Bg2 Kb6  0-1

[Event "Siena op"]
[Site "Siena"]
[Date "1995.??.??"]
[Round "?"]
[White "Gaggiottini, Manfredo"]
[Black "Patelli, Alessandro"]
[Result "0-1"]
[WhiteElo "2095"]
[BlackElo "2205"]

1.e4 c5 2.Nf3 d6 3.d4 cxd4 4.Nxd4 Nf6 5.Nc3 Nc6 6.Bg5 Bd7 7.Qd2 Nxd4 8.Qxd4 Qa5
9.f4 e6 10.O-O-O Bc6 11.Bxf6 gxf6 12.Qxf6 Rg8 13.f5 Bg7 14.Qg5 Rd8 15.Bb5 h6
16.Bxc6+ bxc6 17.Qg3 h5 18.Kb1 Kf8 19.Rxd6 Rb8 20.Rd3 Rxb2+ 21.Kxb2 Qb4+
22.Kc1 Bh6+ 23.Kd1 Rxg3 24.hxg3 exf5 25.exf5 Bg7 26.Rh4 Qa5 27.Rxh5  0-1

[Event "Asia-chT"]
[Site "Singapore"]
[Date "1995.??.??"]
[Round "1"]
[White "Matsuo, Tomohiko"]
[Black "Wang Zili"]
[Result "1/2-1/2"]
[WhiteElo "2180"]
[BlackElo "2525"]

1.e4 c5 2.Nf3 d6 3.d4 cxd4 4.Nxd4 Nf6 5.Nc3 Nc6 6.Bg5 e6 7.Qd2 Be7 8.O-O-O O-O
9.f4 Nxd4 10.Qxd4 Qa5 11.Bb5 Rd8 12.e5 dxe5 13.Qxe5 h6 14.Bh4 Ng4 15.Qh5 Nf6
16.Qe5 Ng4 17.Qh5 Nf6  1/2-1/2

[Event "Asia-chT"]
[Site "Singapore"]
[Date "1995.??.??"]
[Round "8"]
[White "Katalymov, Boris N"]
[Black "Cao Sang"]
[Result "0-1"]
[WhiteElo "2460"]
[BlackElo "2420"]

1.e4 c5 2.Nf3 Nc6 3.d4 cxd4 4.Nxd4 Nf6 5.Nc3 d6 6.Bg5 e6 7.Qd2 a6 8.O-O-O h6
9.Bh4 Nxe4 10.Bxd8 Nxd2 11.Nxc6 bxc6 12.Bc7 Nxf1 13.Bxd6 Bxd6 14.Rxd6 Nxh2
15.Rxh2 Bb7 16.Rd4 Ke7 17.Na4 Rad8 18.Rb4 Bc8 19.Rb8 Kd6 20.Rh3 Kc7 21.Rb4 Rd5
22.b3 Rhd8 23.Rg3 g6 24.Rc4 R8d6 25.Nc5 Rd4 26.Rcc3 Rf4 27.Kb2 h5 28.Nd3 Rf5
29.Re3 g5 30.Re4 f6 31.f3 h4 32.Rcc4 h3 33.gxh3 Rxf3 34.h4 gxh4 35.Rxh4 Rf5
36.Nc5 Rd8 37.Rh7+ Kb8 38.Rc3 Rdd5  0-1

[Event "SLO-chT"]
[Site "?"]
[Date "1995.??.??"]
[Round "5"]
[White "Grosar, Aljosa"]
[Black "Kozul, Zdenko"]
[Result "1/2-1/2"]
[WhiteElo "2485"]
[BlackElo "2580"]

1.e4 c5 2.Nf3 Nc6 3.d4 cxd4 4.Nxd4 Nf6 5.Nc3 d6 6.Bg5 e6 7.Qd2 a6 8.O-O-O Be7
9.f3 Bd7 10.h4 Qc7 11.g4 h5 12.gxh5 Nxd4 13.Qxd4 Nxh5 14.Bxe7 Kxe7 15.Qd2 Qc5
16.f4 Bc6 17.b4 Qa7 18.Qxd6+ Kf6 19.Bd3 Qe3+ 20.Kb2 g6 21.Rde1 Qa7 22.Qe5+ Ke7
23.Nd5+ Bxd5 24.exd5 Qb6 25.f5 Qxb4+ 26.Ka1 Qd6 27.fxg6 Qxe5+ 28.Rxe5 Nf4
29.gxf7 Nxd5 30.Rhe1 Nf4 31.Bc4 Rac8 32.Bxe6 Nxe6 33.Rxe6+ Kxf7 34.Re7+ Kf6  1/2-1/2

[Event "St Cugat op"]
[Site "St Cugat"]
[Date "1995.??.??"]
[Round "6"]
[White "Tejero, Jorge"]
[Black "Vidarte Morales, Arturo"]
[Result "0-1"]
[WhiteElo "2260"]
[BlackElo "2360"]

1.e4 c5 2.Nf3 d6 3.d4 cxd4 4.Nxd4 Nf6 5.Nc3 Nc6 6.Bg5 e6 7.Qd2 a6 8.O-O-O Bd7
9.f4 h6 10.Bxf6 Qxf6 11.Nf3 Qd8 12.Kb1 Qc7 13.g4 Be7 14.h4 O-O-O 15.Bd3 Kb8
16.g5 Rc8 17.f5 Qa5 18.Rhe1 Ne5 19.Nxe5 Qxe5 20.Nd5 Bd8 21.Ne3 hxg5 22.Nc4 Qc5
23.hxg5 b5 24.Na5 Qb6 25.Nb3 Bc7 26.c3 e5 27.Qg2 Rh4 28.Rh1 Rch8 29.Rxh4 Rxh4
30.Qg3 Rh8 31.Nd2 Qb7 32.Qf2 Qc8 33.Rh1 Qd8 34.Rh5 Rf8 35.Qg2 Bb6 36.Nf1 Rh8
37.Qh1 Rxh5 38.Qxh5 Qg8 39.a3 Bd8 40.Ne3 g6 41.Qh6 Bc6 42.f6 Qe8 43.Ka1 Bb6
44.Qh3 Bd7 45.Qf3 Be6 46.Nd5 Qc6 47.Bf1 Qc5 48.Bh3 Qg1+ 49.Ka2 Bxd5+ 50.exd5 Qxg5
51.Be6 Qf5 52.Qh3 Qxf6 53.Bd7 Qe7 54.Bc6 f5 55.Qh8+ Bd8 56.Qh3 e4 57.Qe3 f4  0-1

[Event "Chigorin mem"]
[Site "St Petersburg"]
[Date "1995.??.??"]
[Round "2"]
[White "Ionov, Sergey"]
[Black "Ragozin, Evgeni"]
[Result "1/2-1/2"]
[WhiteElo "2525"]
[BlackElo "2430"]

1.e4 c5 2.Nf3 Nc6 3.d4 cxd4 4.Nxd4 Nf6 5.Nc3 d6 6.Bg5 e6 7.Qd2 a6 8.O-O-O h6
9.Be3 Bd7 10.f4 Be7 11.Kb1 b5 12.Bd3 Qc7 13.h3 Nxd4 14.Bxd4 Bc6 15.e5 dxe5
16.fxe5 Nd7 17.Qe3 Rc8 18.Ne2 O-O 19.Nf4 Bg5 20.h4 Bxf4 21.Qxf4 f6 22.Qg4 Nxe5
23.Qxe6+ Kh8 24.Bxe5  1/2-1/2

[Event "St Petersburg op"]
[Site "St Petersburg"]
[Date "1995.??.??"]
[Round "3"]
[White "Petrushin, Alexander I"]
[Black "Serper, Grigory"]
[Result "1/2-1/2"]
[WhiteElo "2485"]
[BlackElo "2585"]

1.e4 c5 2.Nf3 d6 3.d4 cxd4 4.Nxd4 Nf6 5.Nc3 Nc6 6.Bg5 e6 7.Qd2 a6 8.O-O-O h6
9.Be3 Be7 10.Be2 Nxd4 11.Qxd4 e5 12.Qb4 d5 13.Bc5 d4 14.Nd5 Nxd5 15.exd5 Bxc5
16.Qxc5 Bf5 17.Rhe1 Qg5+ 18.Kb1 Rc8 19.Bb5+ axb5 20.Rxe5+ Kd7 21.Qxb5+ Kd6
22.Re2 Rxc2 23.Rxc2 Bxc2+ 24.Kxc2 Qf5+ 25.Kb3 Qxd5+ 26.Qxd5+ Kxd5 27.Re1 Rc8
28.Re7 d3 29.Rd7+ Ke4 30.Rxf7 Rc1 31.Re7+ Kf4 32.Rd7 Ke4 33.a4 b6 34.h4 g5
35.hxg5 hxg5 36.Rd6 g4 37.g3 Rf1 38.Kc3 Rc1+ 39.Kb3 Rf1 40.Kc3 Rc1+ 41.Kb3  1/2-1/2

[Event "St Petersburg-ch"]
[Site "St Petersburg"]
[Date "1995.??.??"]
[Round "8"]
[White "Karasev, Vladimir I"]
[Black "Aseev, Konstantin N"]
[Result "1-0"]
[WhiteElo "2405"]
[BlackElo "2530"]

1.e4 c5 2.Nf3 d6 3.d4 cxd4 4.Nxd4 Nf6 5.Nc3 Nc6 6.Bg5 e6 7.Qd2 a6 8.O-O-O Nxd4
9.Qxd4 Be7 10.f4 b5 11.Bxf6 Bxf6 12.e5 dxe5 13.Qe4 Bd7 14.Bxb5 axb5 15.Rxd7 Qa5
16.Rb7 O-O 17.Rxb5 Qa6 18.fxe5 Bg5+ 19.Kb1 Bd2 20.Qb7 Bxc3 21.Qxa6 Rxa6 22.bxc3 Rfa8
23.Rd1 h5 24.c4 Rxa2 25.Rd7 Ra1+ 26.Kb2 Re1 27.Rbb7 Rxe5 28.Rxf7 Rg5 29.g3 Raa5
30.Rfe7 Rae5 31.c5 Rxc5 32.Rxe6 Rc4 33.Re3 h4 34.Kb3 Rcg4 35.Rb4 hxg3 36.Rxg4 Rxg4
37.hxg3 Rg6 38.c4  1-0

[Event "St Petersburg-ch"]
[Site "St Petersburg"]
[Date "1995.??.??"]
[Round "11"]
[White "Svidler, Peter"]
[Black "Aseev, Konstantin N"]
[Result "1-0"]
[WhiteElo "2585"]
[BlackElo "2530"]

1.e4 c5 2.Nf3 d6 3.d4 cxd4 4.Nxd4 Nf6 5.Nc3 Nc6 6.Bg5 e6 7.Qd2 a6 8.O-O-O Bd7
9.f3 Be7 10.h4 Rc8 11.g4 Ne5 12.Kb1 b5 13.Qe1 Qc7 14.Bc1 b4 15.Nce2 Nxf3
16.Nxf3 Qxc2+ 17.Ka1 Qxe4 18.Qg3 e5 19.Bg5 Nxg4 20.Ned4 Bxg5 21.hxg5 Ne3
22.Bd3 Qg4 23.Qxg4 Bxg4 24.Rde1 Bxf3 25.Nxf3 Nc2+ 26.Bxc2 Rxc2 27.Rh4 a5
28.Nd4 Rg2 29.Nc6 Kd7 30.Nxa5 Ra8 31.Nc4 Ke6 32.Ne3 Rxg5 33.Rxb4 f5 34.Rb6 f4
35.Nc4 Rd8 36.a4 f3 37.Ka2 f2 38.Rf1 Rf5 39.a5 e4 40.a6 g5 41.a7 Ra8 42.Rxd6+ Ke7
43.Ra6 Kf8 44.Nb6 Rxa7 45.Rxa7 e3 46.Nd7+ Kf7 47.Ne5+ Kf8 48.Nd7+ Kf7 49.Nc5+ Kg6
50.Re7 Rxc5 51.Rxe3 Rf5 52.Re2 g4 53.Rexf2 Ra5+ 54.Kb1 h5 55.Rf8 Kg5 56.Rg8+ Kh4
57.Rh1+ Kg3 58.Rh8  1-0

[Event "SVK-chT"]
[Site "?"]
[Date "1995.??.??"]
[Round "?"]
[White "Blazkova, Petra"]
[Black "Jelen, Peter"]
[Result "0-1"]
[WhiteElo "2205"]
[BlackElo "2105"]

1.e4 c5 2.Nf3 Nc6 3.d4 cxd4 4.Nxd4 Nf6 5.Nc3 d6 6.Bg5 e6 7.Qd2 Be7 8.O-O-O O-O
9.f4 Bd7 10.Be2 a6 11.Nf3 Qb6 12.g4 Rac8 13.f5 Rfd8 14.Be3 Qa5 15.g5 Nxe4
16.Nxe4 Nb4 17.c4 Nxa2+ 18.Kb1 Nb4 19.Nc3 Qxf5+ 20.Bd3 Nxd3 21.Nd4 Qh3 22.Qxd3 e5
23.Nd5 Bf8 24.Nc2 b5 25.Bb6 Qxd3 26.Rxd3 Bf5 27.Rc3 Re8 28.cxb5 Be4 29.Rd1 axb5
30.Kc1 Rxc3 31.bxc3 Rc8 32.Kb2 Bf3 33.Rd2 Rc4 34.Nce3 Rc6 35.Rf2 Be4 36.Bd8 Rc8
37.Bb6 Bd3 38.Kb3 Ra8 39.Rd2 e4 40.Kb4 Ra1 41.Bd8 Rg1 42.Ra2 Re1 43.Ra7 Bc4
44.Nxc4 Rb1+ 45.Ka5 bxc4 46.Bb6 Rd1 47.Bd4 Rf1 48.Kb4 Rf5 49.Ne7+ Bxe7 50.Rxe7 Kf8
51.Rxe4 Rxg5 52.Kxc4 d5+  0-1

[Event "SVK-chT"]
[Site "?"]
[Date "1995.??.??"]
[Round "?"]
[White "Bartek, Ladislav"]
[Black "Lanc, Alois"]
[Result "0-1"]
[WhiteElo "2200"]
[BlackElo "2435"]

1.e4 c5 2.Nf3 Nc6 3.d4 cxd4 4.Nxd4 Nf6 5.Nc3 d6 6.Bg5 e6 7.Bb5 Bd7 8.Bxc6 bxc6
9.Qf3 e5 10.Nf5 h6 11.Bh4 g5 12.Bg3 Bxf5 13.Qxf5 Be7 14.O-O-O Nd7 15.Rhe1 Qa5
16.f4 gxf4 17.Bxf4 Nb6 18.Bd2 Nc4 19.Rf1 Qb4 20.Qxf7+ Kd8 21.Qxe7+ Kxe7 22.Nd5+ cxd5
23.Bxb4 Ne3 24.exd5 Nxf1 25.Rxf1 Raf8 26.Re1 Kd7 27.Re2 Rf4 28.c3 h5 29.b3 Rf1+
30.Kd2 h4 31.c4 Rh1 32.c5 dxc5 33.Bxc5 Rxh2 34.Bg1 Rh1 35.Bxa7 Ra8 36.Bc5 Rxa2+
37.Ke3 Rxe2+ 38.Kxe2 Rb1 39.b4 Rb3 40.Kf2 Rd3 41.d6 Rb3 42.Ke2 Ke6 43.Kf2 Kf5
44.Ke2 Rb2+ 45.Kf1 Rd2 46.b5 Ke6 47.b6 Rb2 48.Kg1 Rb5 49.Bf2 Kxd6 50.Kh2 Rb2
51.Bxh4 Rxb6 52.Kg3 Rb4 53.Bg5 Ke6 54.Be3 Kf5 55.Kf3 Ra4 56.Bd2 Ra3+ 57.Be3 e4+
58.Ke2 Kg4 59.Bf2 Kf4 60.Be1 Ra2+ 61.Kf1 Ke3 62.Bg3 Ra1+ 63.Be1 Rb1 64.g4 Kf3  0-1

[Event "SVK-chT"]
[Site "?"]
[Date "1995.??.??"]
[Round "?"]
[White "Blazkova, Petra"]
[Black "Fabian, Jaroslav"]
[Result "1/2-1/2"]
[WhiteElo "2205"]
[BlackElo "2295"]

1.e4 c5 2.Nf3 d6 3.d4 cxd4 4.Nxd4 Nf6 5.Nc3 Nc6 6.Bg5 e6 7.Qd2 a6 8.O-O-O Bd7
9.f4 b5 10.e5 dxe5 11.fxe5 Nxe5 12.Re1 Nc6 13.Nd5 Nxd4 14.Qxd4 Bc6 15.Nxf6+ gxf6
16.Qxd8+ Rxd8 17.Bxf6 Rg8 18.Bxd8 Kxd8 19.a4 Bd6 20.axb5 axb5 21.Rd1 Ke7
22.Rd3 b4 23.h4 f5 24.Rd4 Ra8 25.Kb1 Bd5 26.Bc4 Bxg2 27.Rhd1 Rd8 28.Rg1 Be4
29.Rg7+ Kf6 30.Rxh7 Ke5 31.Rd1 Rc8 32.Bb3 Bc5 33.Re1 Rc6 34.Rh6 f4 35.Rxe6+ Rxe6
36.Bxe6 Kxe6 37.Rxe4+ Kf5 38.Re2 f3 39.Re1 f2 40.Rf1 Kg4 41.h5 Bf8 42.Ka2 Kg3
43.Kb3 Kg2 44.Rd1 f1=Q 45.Rxf1 Kxf1 46.h6 Bxh6 47.Kxb4 Ke2 48.Kb5 Bg7 49.b4 Bc3  1/2-1/2

[Event "SVK-chT2"]
[Site "?"]
[Date "1995.??.??"]
[Round "?"]
[White "Hacik, Radomir"]
[Black "Mikita, Jozef"]
[Result "0-1"]
[WhiteElo "2245"]
[BlackElo "2240"]

1.e4 c5 2.Nf3 d6 3.d4 cxd4 4.Nxd4 Nf6 5.Nc3 Nc6 6.Bg5 e6 7.Qd2 a6 8.Be2 h6
9.Bh4 Bd7 10.Bg3 b5 11.a3 Be7 12.Rd1 O-O 13.Bxd6 Bxd6 14.Nxc6 Bxc6 15.Qxd6 Qxd6
16.Rxd6 Bxe4 17.Nxe4 Nxe4 18.Rd4 Nc5 19.c4 Nb3 20.Rd6 Rfd8 21.Rb6 bxc4 22.Bxc4 Rac8
23.Rxb3 Rxc4 24.O-O Rc2 25.Rb6 a5 26.g3 Rdd2 27.b3 Rb2 28.Rb5 g5 29.Kg2 Kg7
30.a4 Kf6 31.h3 Rdc2 32.Kg1 Kg6 33.Kg2 h5 34.h4 g4 35.Kg1 f6 36.Rxa5 Rxb3
37.Re1 e5 38.Ra6 Rbb2 39.Rxe5 Rb1+ 40.Kg2 Rcc1 41.Rg5+ Kh7 42.Rxh5+ Kg7 43.Ra7+ Kg6  0-1

[Event "BCF-ch"]
[Site "Swansea"]
[Date "1995.??.??"]
[Round "8"]
[White "Yeo, Michael J"]
[Black "Hennigan, Michael"]
[Result "0-1"]
[WhiteElo "2210"]
[BlackElo "2465"]

1.e4 c5 2.Nf3 Nc6 3.d4 cxd4 4.Nxd4 Nf6 5.Nc3 d6 6.Bg5 e6 7.Qd2 a6 8.O-O-O Bd7
9.f4 Be7 10.Nf3 b5 11.Bxf6 gxf6 12.Kb1 Qb6 13.f5 b4 14.Ne2 e5 15.Qh6 O-O-O
16.Ng3 Na5 17.Nh5 Bc6 18.Bd3 d5 19.Nxe5 fxe5 20.exd5 Rxd5 21.Bxa6+ Kc7 22.Rxd5 Bxd5
23.Qg7 Ra8 24.Qxe5+ Qd6 25.Re1 Qxe5 26.Rxe5 Kd6  0-1

[Event "SWZ-chT"]
[Site "SWZ"]
[Date "1995.??.??"]
[Round "3"]
[White "Geiser, Laurent"]
[Black "Georges, Sacha"]
[Result "1-0"]
[WhiteElo "2140"]
[BlackElo "2340"]

1.e4 c5 2.Nf3 d6 3.d4 cxd4 4.Nxd4 Nf6 5.Nc3 Nc6 6.Bg5 e6 7.Qd3 Be7 8.O-O-O O-O
9.h4 Nxd4 10.Qxd4 Qa5 11.Bd2 Qc7 12.h5 h6 13.f3 e5 14.Qg1 Be6 15.g4 Nh7 16.f4 exf4
17.Bxf4 Bg5 18.Bxg5 Nxg5 19.Qg3 Rac8 20.Rh2 Qa5 21.a3 Rc6 22.Kb1 Qe5 23.Qxe5 dxe5
24.Bb5 Rc5 25.Bd7 Rd8 26.Rhd2 Nf3 27.Rd3 Nd4 28.Bxe6 fxe6 29.Ne2 Rdc8 30.Nxd4 exd4
31.Rxd4 Rxc2 32.Rd8+ Kh7 33.Rxc8 Rxc8 34.Rd7 Rc4 35.Rxb7 a5 36.Rb5 Rxe4 37.Rxa5 Rxg4
38.b4 g5 39.Ra7+ Kg8 40.b5 Rg1+ 41.Kc2  1-0

[Event "SWZ-chT"]
[Site "SWZ"]
[Date "1995.??.??"]
[Round "3"]
[White "Silva, Marco"]
[Black "Kelecevic, Nedeljko"]
[Result "0-1"]
[WhiteElo "2110"]
[BlackElo "2435"]

1.e4 c5 2.Nf3 Nc6 3.d4 cxd4 4.Nxd4 Nf6 5.Nc3 d6 6.Bg5 e6 7.Be2 a6 8.O-O Be7
9.Kh1 Bd7 10.Nb3 Qc7 11.Qd2 Rd8 12.Rad1 Bc8 13.Qe3 b5 14.a3 O-O 15.Qg3 Kh8
16.f4 h6 17.Qh3 Ng8 18.Bxe7 Qxe7 19.Qf3 Bb7 20.Qe3 Qc7 21.Rd2 Rb8 22.Bf3 Ba8
23.Rfd1 Rfd8 24.Ne2 e5 25.f5 a5 26.g4 a4 27.Nbc1 Na5 28.b3 axb3 29.cxb3 b4
30.a4 Qe7 31.Rc2 Kh7 32.Na2 Qg5 33.Qd3 Nf6 34.Nec1 d5 35.exd5 e4 36.Bxe4 Nc6
37.Bg2 Ne5 38.Qd2 Rxd5 39.Qe2 Rxd1+ 40.Qxd1 Nfxg4 41.Bxa8 Rxa8 42.Rg2 Rd8
43.Qe2 Qf4  0-1

[Event "SWZ-chT"]
[Site "SWZ"]
[Date "1995.??.??"]
[Round "7"]
[White "Gallagher, Joseph G"]
[Black "Godena, Michele"]
[Result "1-0"]
[WhiteElo "2515"]
[BlackElo "2420"]

1.e4 c5 2.Nf3 Nc6 3.d4 cxd4 4.Nxd4 Nf6 5.Nc3 d6 6.Bg5 e6 7.Qd2 a6 8.O-O-O h6
9.Be3 Ng4 10.Nxc6 bxc6 11.Bc5 d5 12.Bxf8 Kxf8 13.h3 Nf6 14.f4 Rb8 15.g4 Qb6
16.b3 Qb4 17.Bg2 Nd7 18.Rhe1 Nb6 19.Nb1 Qxd2+ 20.Nxd2 g6 21.Nf3 Kg7 22.Ne5 Bb7
23.Nd3 Nd7 24.f5 Rhe8 25.fxe6 fxe6 26.Nf4 Nf8 27.exd5 exd5 28.c4 dxc4 29.bxc4 Rxe1
30.Rxe1 Kf6 31.Kc2 Ba8 32.Kc3 a5 33.h4 g5 34.Nh5+ Kf7 35.hxg5 hxg5 36.Re5 c5
37.Bxa8 Rxa8 38.Rxc5 Ne6 39.Rb5 Ke7 40.Ng3 a4 41.Ne4 Rd8 42.Re5 Rb8 43.Nxg5 Kf6
44.Rf5+ Ke7 45.Nxe6 Kxe6 46.Rb5 Rf8 47.Rb4 Rf4 48.g5 Rg4 49.g6 Kd7 50.Rb6 Kc7
51.Rf6  1-0

[Event "SWZ-chT"]
[Site "SWZ"]
[Date "1995.??.??"]
[Round "8"]
[White "Gallagher, Joseph G"]
[Black "Weindl, Alfred"]
[Result "1-0"]
[WhiteElo "2515"]
[BlackElo "2350"]

1.e4 c5 2.Nf3 Nc6 3.d4 cxd4 4.Nxd4 Nf6 5.Nc3 d6 6.Bg5 Bd7 7.Be2 Qa5 8.Bxf6 gxf6
9.O-O Nxd4 10.Qxd4 Rc8 11.Nd5 Qc5 12.Qd2 Qxc2 13.Qe3 Qc5 14.Qf4 Qd4 15.Rac1 Rc6
16.Bb5 f5 17.Rfd1 Qxb2 18.Bxc6 Bxc6 19.exf5 Rg8 20.g3 Kd7 21.f6 e6 22.Nb4 Rg6
23.Nxc6 bxc6 24.Rb1  1-0

[Event "Szekszard op "]
[Site "Szekszard"]
[Date "1995.??.??"]
[Round "?"]
[White "Toth, A."]
[Black "Madl, Ildiko"]
[Result "0-1"]
[WhiteElo "2205"]
[BlackElo "2370"]

1.e4 c5 2.Nf3 d6 3.d4 cxd4 4.Nxd4 Nf6 5.Nc3 Nc6 6.Bg5 e6 7.Qd2 a6 8.O-O-O Bd7
9.f4 h6 10.Bh4 g5 11.fxg5 Ng4 12.Be2 Nge5 13.Nf3 Be7 14.Rhg1 Rg8 15.Kb1 hxg5
16.Bg3 Rh8 17.Rgf1 f6 18.Nxe5 Nxe5 19.Bxe5 dxe5 20.Bg4 Qc7 21.Rf3 b5 22.Rd3 Ra7
23.Qf2 Qc5 24.Qf3 b4 25.Bh5+ Kd8 26.Na4 Qc6 27.Qf2 Rc7 28.Nb6 Rxh5 29.Rxd7+ Ke8
30.Rxc7 Qxc7 31.g4 Rh8 32.Rd7 Qc5 33.Qxc5 Bxc5 34.Rb7 Rxh2 35.a4 bxa3 36.Rb8+ Ke7
37.Rb7+ Kd8 38.bxa3 Rg2 39.Nd7 Be7 40.c4 Rxg4 41.c5 Rxe4 42.c6 Rc4 43.Nb8 Kc8
44.Rxe7 Kxb8 45.Rxe6 Rf4 46.Re7 g4 47.Rb7+ Kc8 48.Ra7 g3 49.Rxa6 g2 50.Ra8+ Kc7
51.Rg8 Rf1+  0-1

[Event "Szekszard op "]
[Site "Szekszard"]
[Date "1995.??.??"]
[Round "?"]
[White "Solty, L."]
[Black "Dobos, Jozsef"]
[Result "1/2-1/2"]
[WhiteElo "2025"]
[BlackElo "2350"]

1.e4 c5 2.Nf3 d6 3.d4 cxd4 4.Nxd4 Nf6 5.Nc3 Nc6 6.Bg5 e6 7.Qd2 Be7 8.f4 h6
9.Bh4 Nxe4 10.Bxe7 Nxd2 11.Bxd8 Nxd4 12.Kxd2 Kxd8 13.Rd1 Ke7 14.Kc1 Nc6 15.Be2 Rd8
16.Bf3 d5 17.Rhe1 Kf8 18.g4 a6 19.h4 b5 20.g5 hxg5 21.hxg5 g6 22.Rh1 Kg7
23.Rdg1 Ne7 24.Nd1 Bb7 25.Ne3 Rh8 26.Ng4 Rxh1 27.Rxh1 Rh8 28.Rxh8 Kxh8 29.Ne5 Kg7
30.Nd7 Nf5 31.Nc5 Bc8 32.a4 Nd4 33.Bd1 b4 34.Kd2 f6 35.c3 bxc3+ 36.Kxc3 e5
37.gxf6+ Kxf6 38.b4 g5 39.fxg5+ Kxg5 40.Kd3 Kf4 41.Bh5 Nf5 42.b5 e4+ 43.Kd2 axb5
44.axb5 Nd6 45.Be2 d4 46.b6 Ke5 47.Bf1 Kd5 48.Nb3 Bb7 49.Na5 Kc5 50.Nb3+ Kd5
51.Na5 Bc8 52.Bg2 Kc5 53.Nb3+ Kc4 54.Na5+ Kb5 55.Nb3 e3+ 56.Ke2 Bg4+ 57.Kd3 Bf5+
58.Ke2 Kc4 59.Na5+ Kc3 60.Bf3 Bd3+ 61.Ke1 Ba6 62.b7  1/2-1/2

[Event "Szekszard op "]
[Site "Szekszard"]
[Date "1995.??.??"]
[Round "?"]
[White "Bokros, Albert"]
[Black "Molnar, B."]
[Result "1-0"]
[WhiteElo "2180"]
[BlackElo "2340"]

1.e4 c5 2.Nf3 Nc6 3.d4 cxd4 4.Nxd4 Nf6 5.Nc3 d6 6.Bg5 a6 7.Qd2 e6 8.O-O-O Bd7
9.f4 h6 10.Bh4 g5 11.fxg5 Ng4 12.Nf3 hxg5 13.Bg3 Be7 14.Be2 Nge5 15.Kb1 b5
16.Rdf1 Nxf3 17.Rxf3 Ne5 18.Rf2 Bc6 19.Rhf1 f6 20.a3 Rb8 21.Bd3 a5 22.Nd1 b4
23.axb4 axb4 24.Qe2 Rh6 25.Bxe5 dxe5 26.Ne3 Ra8 27.Ng4 Rg6 28.Bb5 Ra1+ 29.Kxa1 Qa5+
30.Kb1 Bxb5 31.Nxf6+ Rxf6 32.Qh5+ Kd7 33.Rxf6 b3 34.Qd1+ Ke8 35.cxb3 Qb4
36.Qh5+ Kd7 37.Rd1+ Kc7 38.Rf2 Qxe4+ 39.Rc2+ Kb6 40.Qf3 Qf5 41.Qe3+ Ka6 42.Qc3 Bf8
43.Ka2 e4 44.Rd8  1-0

[Event "Szekszard op "]
[Site "Szekszard"]
[Date "1995.??.??"]
[Round "?"]
[White "Juhasz, Jozsef"]
[Black "Feher, Gyula"]
[Result "1/2-1/2"]
[WhiteElo "2250"]
[BlackElo "2415"]

1.e4 c5 2.Nf3 Nc6 3.d4 cxd4 4.Nxd4 Nf6 5.Nc3 d6 6.Bg5 e6 7.Qd2 Be7 8.O-O-O O-O
9.f4 Nxd4 10.Qxd4 Qa5 11.Bc4 Bd7 12.e5 dxe5 13.fxe5 Bc6 14.Bd2 Nd7 15.Nd5 Qd8
16.Nxe7+ Qxe7 17.Rhe1 Rfd8 18.Qg4 Nf8 19.Bd3 Rxd3 20.cxd3 Qd7 21.Bb4 Qd5
22.Bxf8 Rxf8 23.Kb1 Qxg2 24.Qxg2 Bxg2 25.Re3 Bd5  1/2-1/2

[Event "Tastrup"]
[Site "Tastrup"]
[Date "1995.??.??"]
[Round "9"]
[White "Kristiansen, Jens"]
[Black "Hamann, Svend"]
[Result "1/2-1/2"]
[WhiteElo "2455"]
[BlackElo "2380"]

1.e4 c5 2.Nf3 d6 3.d4 cxd4 4.Nxd4 Nf6 5.Nc3 Nc6 6.Bg5 e6 7.Qd2 a6 8.O-O-O Bd7
9.f4 h6 10.Bh4 Nxe4 11.Qe1 Nf6 12.Nf5 Qc7 13.Bxf6 gxf6 14.Nd5 Qd8 15.Bd3 Rc8
16.Qe2 h5 17.Kb1 b5 18.Rhe1 Na5 19.Qf2 Bc6 20.Qd4 Bxd5 21.Qxd5 Kd7 22.Qf3 Qb6
23.Ng3 Be7 24.f5 e5 25.Be4 h4 26.Nf1 Ke8 27.Ne3 Nc4  1/2-1/2

[Event "Terrasa op"]
[Site "Terrasa"]
[Date "1995.??.??"]
[Round "2"]
[White "Cuadras, Jorge"]
[Black "Cifuentes Parada, Roberto"]
[Result "1/2-1/2"]
[WhiteElo "2305"]
[BlackElo "2525"]

1.e4 c5 2.Nf3 d6 3.d4 cxd4 4.Nxd4 Nf6 5.Nc3 Nc6 6.Bg5 Bd7 7.Qd2 Rc8 8.f4 h6
9.Bxf6 gxf6 10.O-O-O Nxd4 11.Qxd4 Qa5 12.Be2 Qc5 13.Qxc5 Rxc5 14.Rd5 Rxd5
15.exd5 h5 16.Kd2 a6 17.Ke3 h4 18.Bf3 f5 19.Ne2 Bg7 20.c4 Bxb2 21.Rb1 Ba3
22.Rxb7 Bc8 23.Rb1 Bc5+ 24.Kd3 e5 25.dxe6 fxe6 26.Bb7 Kd7 27.Nd4 Rg8 28.Nxe6 Bxb7
29.Nxc5+ dxc5 30.Rxb7+ Kc6 31.Rb2 Rd8+ 32.Ke3 Rd1 33.Rc2 Rh1 34.Kf2 Rd1 35.Ke2 Rh1
36.h3 Rg1 37.Kf2 Rd1 38.Ke2 Rg1 39.Kf3 Rf1+ 40.Ke3 Re1+ 41.Re2 Rf1 42.Rf2 Re1+
43.Re2 Rf1  1/2-1/2

[Event "JUG-chT"]
[Site "Tivat"]
[Date "1995.??.??"]
[Round "3"]
[White "Ivanovic, Bozidar"]
[Black "Nevednichy, Vladislav"]
[Result "0-1"]
[WhiteElo "2495"]
[BlackElo "2480"]

1.e4 c5 2.Nf3 d6 3.d4 cxd4 4.Nxd4 Nf6 5.Nc3 Nc6 6.Bg5 e6 7.Qd2 a6 8.O-O-O h6
9.Be3 Qc7 10.Be2 Bd7 11.Rhe1 Na5 12.f4 b5 13.e5 b4 14.Ncb5 axb5 15.exf6 Nc4
16.Bxc4 Qxc4 17.Nf5 exf5 18.b3 Qc6 19.Bd4+ Be6 20.fxg7 Bxg7 21.Bxg7 Rg8 22.Qxb4 Rxg7
23.Rxd6 Qc7 24.Qd4 Kf8 25.Re2  0-1

[Event "JUG-chT"]
[Site "Tivat"]
[Date "1995.??.??"]
[Round "4"]
[White "Tseshkovsky, Vitaly"]
[Black "Govedarica, Radovan"]
[Result "1-0"]
[WhiteElo "2540"]
[BlackElo "2430"]

1.e4 c5 2.Nf3 d6 3.d4 cxd4 4.Nxd4 Nf6 5.Nc3 Nc6 6.Bg5 e6 7.Qd2 a6 8.O-O-O Bd7
9.f4 Nxd4 10.Qxd4 Bc6 11.f5 exf5 12.e5 dxe5 13.Qxe5+ Qe7 14.Qxf5 Qe6 15.Qa5 Be7
16.Nb5 O-O 17.Nc7 Qg4 18.Nxa8 Rxa8 19.h3 Qg3 20.Rd3 Qb8 21.Be2 Bb5 22.Rhd1 Bxd3
23.Bxd3 h6 24.Bd2 b5 25.Kb1 Qb7 26.g4 Qf3 27.Re1 Bf8 28.a4 bxa4 29.Qxa4 Qxh3
30.g5 hxg5 31.Bxg5 Qg4 32.Qc6 Rc8 33.Qxa6 Nd5 34.Bd2 Rb8 35.Qc4 Qd7 36.Qh4 g6
37.Rh1 Bg7 38.Qh7+ Kf8 39.Bh6 Bxh6 40.Qh8+ Ke7 41.Qxb8 Be3 42.Bc4 Bf4 43.Re1+ Kf6
44.Qh8+ Kf5 45.Qh3+  1-0

[Event "JUG-chT"]
[Site "Tivat"]
[Date "1995.??.??"]
[Round "9"]
[White "Lekic, Dusan"]
[Black "Micic, Cedomir"]
[Result "1/2-1/2"]
[WhiteElo "2430"]
[BlackElo "2350"]

1.e4 c5 2.Nf3 d6 3.d4 cxd4 4.Nxd4 Nf6 5.Nc3 Nc6 6.Bg5 e6 7.Qd2 Be7 8.O-O-O O-O
9.f4 Nxd4 10.Qxd4 Qa5 11.Bc4 Bd7 12.e5 dxe5 13.fxe5 Bc6 14.Bd2 Nd7 15.Nd5 Qc5
16.Nxe7+ Qxe7 17.Rhe1  1/2-1/2

[Event "JUG-chT"]
[Site "Tivat"]
[Date "1995.??.??"]
[Round "10"]
[White "Pavlovic, Milos"]
[Black "Popovic, Petar"]
[Result "1/2-1/2"]
[WhiteElo "2470"]
[BlackElo "2555"]

1.e4 c5 2.Nf3 d6 3.d4 cxd4 4.Nxd4 Nf6 5.Nc3 Nc6 6.Bg5 e6 7.Qd2 a6 8.O-O-O h6
9.Be3 Bd7 10.f3 b5 11.Nxc6 Bxc6 12.Kb1 Be7 13.Ne2 Qc7 14.Nd4 Bb7 15.g4 g5
16.h4 Rf8 17.hxg5 hxg5 18.Bd3 d5 19.e5 Qxe5 20.f4 Qd6 21.fxg5 Ne4 22.Bxe4 dxe4
23.Rh7 Bd5  1/2-1/2